<?xml version="1.0" encoding="UTF-8"?>
<record
    xmlns:xsi="http://www.w3.org/2001/XMLSchema-instance"
    xsi:schemaLocation="http://www.loc.gov/MARC21/slim http://www.loc.gov/standards/marcxml/schema/MARC21slim.xsd"
    xmlns="http://www.loc.gov/MARC21/slim">

  <leader>00874nam a22002537a 4500</leader>
  <controlfield tag="005">20170123162312.0</controlfield>
  <datafield tag="010" ind1=" " ind2=" ">
    <subfield code="a">B-070430</subfield>
  </datafield>
  <datafield tag="020" ind1=" " ind2=" ">
    <subfield code="c">80.00</subfield>
  </datafield>
  <datafield tag="035" ind1=" " ind2=" ">
    <subfield code="a">B-070430</subfield>
  </datafield>
  <datafield tag="037" ind1=" " ind2=" ">
    <subfield code="b">Cen Lib/Ret</subfield>
  </datafield>
  <datafield tag="040" ind1=" " ind2=" ">
    <subfield code="a">DPL</subfield>
    <subfield code="b">UR</subfield>
  </datafield>
  <datafield tag="082" ind1=" " ind2=" ">
    <subfield code="a">843.08</subfield>
    <subfield code="b">&#x635; &#x6AF; &#x631;</subfield>
  </datafield>
  <datafield tag="100" ind1=" " ind2=" ">
    <subfield code="a">&#x635;&#x63A;&#x631;&#x627; &#x645;&#x6C1;&#x62F;&#x6CC; </subfield>
    <subfield code="9">112450</subfield>
  </datafield>
  <datafield tag="245" ind1=" " ind2=" ">
    <subfield code="a">&#x627;&#x631;&#x62F;&#x648; &#x646;&#x627;&#x648;&#x644;&#x648;&#x6BA; &#x645;&#x6CC;&#x6BA; &#x639;&#x648;&#x631;&#x62A; &#x6A9;&#x6CC; &#x633;&#x645;&#x627;&#x62C;&#x6CC; &#x62D;&#x6CC;&#x62B;&#x6CC;&#x62A; /</subfield>
    <subfield code="c">&#x635;&#x63A;&#x631;&#x627; &#x645;&#x6C1;&#x62F;&#x6CC; </subfield>
  </datafield>
  <datafield tag="246" ind1=" " ind2=" ">
    <subfield code="a">Urdu navalon men aurat samaji haisiyat /</subfield>
    <subfield code="b">by Saghra Mahri </subfield>
  </datafield>
  <datafield tag="260" ind1=" " ind2=" ">
    <subfield code="a">&#x646;&#x6CC;&#x6CC; &#x62F;&#x6C1;&#x644;&#x6CC; </subfield>
    <subfield code="b">&#x633;&#x62C;&#x62C;&#x62F; &#x67E;&#x628;&#x644;&#x6A9;&#x634;&#x627;&#x646;&#x633;  </subfield>
    <subfield code="c">2002</subfield>
  </datafield>
  <datafield tag="270" ind1=" " ind2=" ">
    <subfield code="a">106 &#x6C1;&#x648;&#x632; &#x631;&#x627;&#x646;&#x6CC; &#x645;&#x644;&#x648;&#x627;&#x6CC;&#x627; &#x646;&#x627;&#x6AF;&#x631; </subfield>
    <subfield code="b">&#x646;&#x6CC;&#x6CC; &#x62F;&#x6C1;&#x644;&#x6CC; </subfield>
    <subfield code="e">110017</subfield>
  </datafield>
  <datafield tag="300" ind1=" " ind2=" ">
    <subfield code="a">158p.</subfield>
    <subfield code="c">20cm(Hb)</subfield>
  </datafield>
  <datafield tag="650" ind1=" " ind2=" ">
    <subfield code="a">&#x627;&#x631;&#x62F;&#x648; &#x627;&#x62F;&#x628; </subfield>
    <subfield code="9">112451</subfield>
  </datafield>
  <datafield tag="650" ind1=" " ind2=" ">
    <subfield code="a">&#x627;&#x631;&#x62F;&#x648; &#x688;&#x631;&#x627;&#x645;&#x6C1;    </subfield>
    <subfield code="9">462</subfield>
  </datafield>
  <datafield tag="650" ind1=" " ind2=" ">
    <subfield code="a">Urdu literature </subfield>
    <subfield code="9">112452</subfield>
  </datafield>
  <datafield tag="650" ind1=" " ind2=" ">
    <subfield code="a">Urdu drama </subfield>
    <subfield code="9">14322</subfield>
  </datafield>
  <datafield tag="942" ind1=" " ind2=" ">
    <subfield code="2">ddc</subfield>
    <subfield code="c">UR</subfield>
    <subfield code="h">843.08</subfield>
    <subfield code="m">&#x635; &#x6AF; &#x631;</subfield>
  </datafield>
  <datafield tag="999" ind1=" " ind2=" ">
    <subfield code="c">106489</subfield>
    <subfield code="d">106489</subfield>
  </datafield>
  <datafield tag="952" ind1=" " ind2=" ">
    <subfield code="0">0</subfield>
    <subfield code="1">0</subfield>
    <subfield code="4">0</subfield>
    <subfield code="7">0</subfield>
    <subfield code="a">L</subfield>
    <subfield code="b">L</subfield>
    <subfield code="d">2015-12-22</subfield>
    <subfield code="e">Cen Lib/Ret</subfield>
    <subfield code="g">80.00</subfield>
    <subfield code="l">0</subfield>
    <subfield code="o">843.08 &#x635; &#x6AF; &#x631;</subfield>
    <subfield code="p">B-070430</subfield>
    <subfield code="r">2015-12-22 00:00:00</subfield>
    <subfield code="t">1</subfield>
    <subfield code="v">80.00</subfield>
    <subfield code="w">2015-12-22</subfield>
    <subfield code="y">UR</subfield>
  </datafield>
</record>
